| 000 | 00692nam a22002177a 4500 | ||
|---|---|---|---|
| 999 |
_c14638 _d14638 |
||
| 003 | AR-CdUCM | ||
| 008 | 190423b ||||| |||| 00| 0 spa d | ||
| 020 | _a978-84-9825-833-2 | ||
| 040 |
_aMUNICIPALIDAD PROVINCIAL DEL CUSCO _cBIBLIOTECA MUNICIPAL DEL CUSCO |
||
| 082 |
_aPI / 376.1 / _bD57 |
||
| 100 |
_aDeneux, Xavier _932828 |
||
| 245 | _aLos colores / | ||
| 260 |
_aBarcelona : : _bCombel,, _c2014. |
||
| 300 |
_a18 paginas ; _bIlustraciones, _c19 cm. |
||
| 500 | _aTitulo original :Les imagiers gigognes | ||
| 650 |
_aLos colores _933503 |
||
| 650 |
_aAprendiendo los colores _933504 |
||
| 650 |
_aJuego para niƱos (as) _933298 |
||
| 942 |
_2ddc _cLIBROS |
||
| 945 |
_awnts _d2019-04-24 |
||